000
00210 a2200097 4500
001
2570
100
_a
Jackson, R
245
_a
Flying modern jet fighter
260
_a
_b
Patrick Stephers
_c
090
_c
1867
_d
1867
942
_a
NUST-CAE
_c
M
_c
9635
999
_c
237643
_d
237643